000 00311nam a22001337a 4500
008 170801b xxu||||| |||| 00| 0 eng d
020 _a9780534103743
041 _aeng
080 _a004
100 _a32
101 _aSHK
245 _aDESIGNING EXPERIMENTS AND ANALYZING DATA
_cMAXWELL,S.E
942 _2udc
_cBK
999 _c22463
_d22463